| 000 | 00952nam a2200241 a 4500 | ||
|---|---|---|---|
| 001 | 000011967 | ||
| 005 | 20200929162634.0 | ||
| 008 | 091005s1999 dr 001 0 spa d | ||
| 040 |
_aDO-SdBNP _bspa _cBNPHU |
||
| 082 |
_axxxx _bC433o |
||
| 100 | 1 |
_aZapata, César _921611 |
|
| 245 | 1 | 0 |
_aPertenencias de otra edad / _cCésar Zapata. |
| 246 | 1 | 4 |
_aPoesía junta : _b1989-1999 |
| 260 |
_aSanto Domingo : _bConsejo Presidencial de Cultura, _bSistema Nacional de Talleres Literarios, _c1999. |
||
| 300 |
_av. ; _c29 cm. |
||
| 490 | 1 |
_aSistema Nacional de talleres literarios _vno. 6 |
|
| 490 | 1 | _aFin de siglo | |
| 505 | 2 | _av. 1 Acrobacias del ser -- Jardín de augurios -- Eternidad llena de ojos -- Canto alrededor del cuerpo -- Pertenencias de otr(a) edad -- Consagración al silencio | |
| 500 | _aLa biblioteca posee el v. 1 | ||
| 830 | 0 |
_aSistema Nacional de talleres literarios _vno. 6 _925483 |
|
| 830 | 0 |
_aFin de siglo _925148 |
|
| 049 | _aBNPD | ||
| 999 |
_c11637 _d11637 |
||